000 00274nam a22001097a 4500
082 _a020
100 _aGoswmi, P R
_980105
245 _aCorridor of Books ; Memories , Ideas and Reflectins
260 _aDelhi
_bAne books
_c2019
650 _aLibrary Science
_957
942 _cBK
999 _c63580
_d63580